00731nam a22001457a 4500003000400000020001800004082002000022100002100042245004300063250000900106260002900115300000800144650002400152653040900176SGT a9788126519255 a541.221522, COT aCOTTON ALBERT F. aCHEMICAL APPLICATIONS OF GROUP THEORY  a3RD  aNEW DELHI bWILEY c2015 a461 aPHYSICAL CHEMISTRY  a Definitions and Theorems of Group Theory, Molecular Symmetry and the Symmetry Groups, Representations of Groups, Group Theory and Quantum Mechanics, Symmetry-Adapted Linear Combinations, Molecular Orbital Theory and Its Applications in Organic Chemistry, Molecular Orbital Theory for Inorganic and Organometallic Compounds, Ligand Field Theory, Molecular Vibrations, Crystallographic Symmetry